Scaredy cat Runs Away / (Record no. 4051)

MARC details
000 -LEADER
fixed length control field 00921nam a22002777a 4500
001 - CONTROL NUMBER
control field 4051
003 - CONTROL NUMBER IDENTIFIER
control field FISKH
005 - DATE AND TIME OF LATEST TRANSACTION
control field 20240604090300.0
008 - FIXED-LENGTH DATA ELEMENTS--GENERAL INFORMATION
fixed length control field 240604b cb ||||| |||| 00| 0 eng d
020 ## - INTERNATIONAL STANDARD BOOK NUMBER
International Standard Book Number 9781574710038
040 ## - CATALOGING SOURCE
Original cataloging agency FISKH
Language of cataloging eng
Transcribing agency FISKH
Modifying agency FISKH
050 ## - LIBRARY OF CONGRESS CALL NUMBER
Classification number QA135.5
100 ## - MAIN ENTRY--PERSONAL NAME
Personal name Williams, Rozanne Lamczak
Relator term author
245 ## - TITLE STATEMENT
Title Scaredy cat Runs Away /
Statement of responsibility, etc. Written by Rozanne Lanczak Williams : Ilustrated by Jannie Ho
260 ## - PUBLICATION, DISTRIBUTION, ETC.
Place of publication, distribution, etc. Cypress :
Name of publisher, distributor, etc. Creative Teaching Press, Inc ;
Date of publication, distribution, etc. 1995
300 ## - PHYSICAL DESCRIPTION
Extent 8 pages :
Other physical details color illustrations ;
Dimensions 17 cm .
490 ## - SERIES STATEMENT
Series statement Learn To Read
505 ## - FORMATTED CONTENTS NOTE
Formatted contents note C <br/>
520 ## - SUMMARY, ETC.
Summary, etc. Math concepts covered in this book are under, over, through, around, in front of, and behind.
521 8# - TARGET AUDIENCE NOTE
Target audience note 100 <br/>
Source Lexile estimate <br/>
521 8# - TARGET AUDIENCE NOTE
Target audience note C <br/>
Source Raz-Plus <br/>
650 ## - SUBJECT ADDED ENTRY--TOPICAL TERM
Topical term or geographic name entry element Animals
Form subdivision Juvenile Fiction
700 ## - ADDED ENTRY--PERSONAL NAME
Personal name Ho, Jannie
Relator term illustrator
942 ## - ADDED ENTRY ELEMENTS (KOHA)
Source of classification or shelving scheme Dewey Decimal Classification
Koha item type Books
Suppress in OPAC No
Holdings
Withdrawn status Lost status Source of classification or shelving scheme Damaged status Not for loan Collection Home library Current library Shelving location Date acquired Total Checkouts Full call number Barcode Date last seen Price effective from Koha item type
    Dewey Decimal Classification     Juvenile Fiction Footprints International School Library Network Toul Kork Campus Footprints International School Library Network Toul Kork Campus   06/04/2024   WIL QA135.5 FISTK01830 06/04/2024 06/04/2024 Books